| 000 | 00820nam a22002537a 4500 | ||
|---|---|---|---|
| 005 | 20230201144703.0 | ||
| 008 | 230201b ||||| |||| 00| 0 eng d | ||
| 040 | _cAL | ||
| 041 | _aeng | ||
| 082 |
_223 _a657.45 _bALLI |
||
| 100 |
_aAll India Institute of Management Studies _970490 |
||
| 245 |
_aISO nine thousand two thousand: _bQuality audit: Internal quality audting |
||
| 260 |
_aChennai _bAll India Institute of Management Studies _c2000 |
||
| 300 |
_a201p. _bPB _c23x13cm |
||
| 365 |
_2Management _c₹ |
||
| 650 |
_aPlanning _970477 |
||
| 650 |
_aPreliminary _970478 |
||
| 650 |
_aClosing Meeting _970479 |
||
| 650 |
_aCorrective Action _970480 |
||
| 650 |
_aFuture of Auditing _970481 |
||
| 650 |
_aISO 9000 2000 _970485 |
||
| 700 |
_aALL INDIA INSTITUTE OF MANAGEMENT STUDIES _970482 |
||
| 942 |
_2ddc _cDB |
||
| 999 |
_c226518 _d226518 |
||